01519 am a2200325 a 450000500170000000800410001702000150005804100080007310000250008124500870010625000210019326000600021430000160027450001430029065300630043365300420049665300290053865300150056765300320058265300490061465300790066365300710074265300700081365300660088365300580094965300650100765300410107265300300111365300500114320240214125346.0100302s2000 ag a f |||| 001 0 spa d a9500620367 aspa1 aSolari, Alberto Juan aGenética Humana.bFundamentos y aplicaciones en medicina / cAlberto Juan Solari a2a ed. 1a reimp. aBuenos Aires: bEditorial Médica Panamericana;c2000. a370 p.bil. aSolari, A. J. (2000). Genética humana. Fundamentos y aplicaciones en medicina. (2a ed.). Buenos Aires : Editorial Médica Panamericana. aFenómenos básicos y técnicas en genética molecular aMaterial genético: ADN y cromosomas aInformación genética aMutación aPatrones de herencia humana aDeterminación sexual y cromosomas sexuales aLigamiento. Genes ligados al sexo y fenómenos de compensación de dosis aMeiosis, recombinación y disyunción. Genética e infertilidad aEnfermedades de herencia multifactorial y otros tipos de herencia aGenética bioquímica. errores congénitos del metabolismo aAnomalías genéticas de proteínas estructurantes aGenética del desarrollo normal y del desarrollo de tumores aCariotipo humano y cromosomopatías aGenética de los tejidos aGenética de algunos procesos fisiológicos